01406nam a2200301uu 4500001000800000005001700008008004100025035001200066040001300078041000800091080000700099100005100106245015300157260003900310300001700349505038600366650003200752650002600784650003500810650002800845700004700873700004000920700004100960700004301001700004001044502001201084526000801096148918320260508092514.0180320s2011 ||||||m| spa  a1489183 ccomduadb aspa aWO10aCaballero Miranda, María del Pilar4auteaut13aEl camino hacia la acreditación de la Central de Esterilización. Partiendo de los 4 procesos más importantes de la Central de Esterilización aMedellín :bAutores (as),c2011. a50 páginas aCONTENIDO: Introducción. -- Glosario. -- Antecedentes. -- Planteamiento del problema y justificación. -- Pregunta. -- Objetivos. -- Marco teórico. -- Protocolo 1. Recepción. -- Protocolo 2. Lavado y desinfección. -- Protocolo 3. Preparación y empaque. -- Protocolo 4. Esterilización. -- Anexo 1. Marco legal. -- Conclusiones y recomendaciones. -- Referencias citadas. aCentral de esterilización 7aEsterilización2dcs aInstrumentación quirúrgica aAcreditación en salud10aLondoño Gómez, Leidy Marcela4auteaut10aGarzón Giraldo, Vanessa4auteaut10aCifuentes Usuga, Jhonnatan4auteaut10aArcila Olmos, Viviana Andrea4thseths10aRivera Villa, Yara Isabel4thseths b214c18 a216